00231nam a2200085Ia 4500008004100000100003100041245003400072260003000106300000900136190216s9999||||xx |||||||||||||| ||und|| aJaggi. K.P And Sushma Jain 0aIntroductory Computer Science bAcademic Foundationc1986 a216p